Only one god?: Monotheism in ancient Israel and the veneration of the goddess Asherah
| Contributors: | |
|---|---|
| Format: | Print Book |
| Language: | English |
| Subito Delivery Service: | Order now. |
| Check availability: | HBZ Gateway |
| WorldCat: | WorldCat |
| Interlibrary Loan: | Interlibrary Loan for the Fachinformationsdienste (Specialized Information Services in Germany) |
| Published: |
London [u.a.]
Sheffield Academic Press
2001
|
| In: |
The biblical seminar (77)
Year: 2001 |
| Reviews: | [Rezension von: Only one god?] (2003) (Zwickel, Wolfgang, 1957 -)
|
| Series/Journal: | The biblical seminar
77 |
| Standardized Subjects / Keyword chains: | B
Israel (Antiquity)
/ Monotheism
|
| Further subjects: | B
Collection of essays
B Monotheism History of doctrines Palestine B Judaism History To 70 A.D B Asherah (Semitic deity) |
MARC
| LEADER | 00000cam a2200000 c 4500 | ||
|---|---|---|---|
| 001 | 334214688 | ||
| 003 | DE-627 | ||
| 005 | 20251222220621.0 | ||
| 007 | tu | ||
| 008 | 010924s2001 xxk||||| 00| ||eng c | ||
| 016 | 7 | |a 1841271993 |2 UK | |
| 020 | |a 1841271993 |9 1-84127-199-3 | ||
| 035 | |a (DE-627)334214688 | ||
| 035 | |a (DE-576)097239275 | ||
| 035 | |a (DE-599)GBV334214688 | ||
| 035 | |a (OCoLC)248043699 | ||
| 035 | |a (OCoLC)51893138 | ||
| 040 | |a DE-627 |b ger |c DE-627 |e rakwb | ||
| 041 | |a eng | ||
| 044 | |c XA-GB |c XD-US | ||
| 050 | 0 | |a BL221 | |
| 082 | 0 | |a 296.311 | |
| 082 | 0 | |a 211.340933 | |
| 082 | 0 | |a 296.3/11 | |
| 084 | |a 6,22 |a 1 |2 ssgn | ||
| 084 | |a BC 8710 |2 rvk |0 (DE-625)rvk/9773: | ||
| 084 | |a 11.38 |2 bkl | ||
| 191 | |a 1 | ||
| 245 | 0 | 0 | |a Only one god? |b Monotheism in ancient Israel and the veneration of the goddess Asherah |c Bob Becking ... |
| 264 | 1 | |a London [u.a.] |b Sheffield Academic Press |c 2001 | |
| 300 | |a 231 S. |b Ill., Kt. |c 24 cm | ||
| 336 | |a Text |b txt |2 rdacontent | ||
| 337 | |a ohne Hilfsmittel zu benutzen |b n |2 rdamedia | ||
| 338 | |a Band |b nc |2 rdacarrier | ||
| 490 | 1 | |a The biblical seminar |v 77 | |
| 500 | |a Bibliography S. [202] - 222 | ||
| 583 | 1 | |a Archivierung prüfen |c 20200919 |f DE-640 |z 3 |2 pdager | |
| 583 | 1 | |a Archivierung/Langzeitarchivierung gewährleistet |f SSG |x XA-DE-BW |2 pdager |5 DE-21 | |
| 583 | 1 | |a Archivierung prüfen |c 20240324 |f DE-4165 |z 2 |2 pdager | |
| 601 | |a asherah | ||
| 650 | 0 | |a Monotheism |x History of doctrines |x Palestine | |
| 650 | 0 | |a Judaism |x History |x To 70 A.D | |
| 650 | 0 | |a Asherah (Semitic deity) | |
| 655 | 7 | |a Aufsatzsammlung |0 (DE-588)4143413-4 |0 (DE-627)105605727 |0 (DE-576)209726091 |2 gnd-content | |
| 689 | 0 | 0 | |d g |0 (DE-588)4072956-4 |0 (DE-627)106093711 |0 (DE-576)209188804 |2 gnd |a Israel |g Altertum |
| 689 | 0 | 1 | |d s |0 (DE-588)4040107-8 |0 (DE-627)106225359 |0 (DE-576)209038063 |2 gnd |a Monotheismus |
| 689 | 0 | |5 (DE-627) | |
| 700 | 1 | |0 (DE-588)133642798 |0 (DE-627)55028964X |0 (DE-576)164219145 |4 oth |a Becking, Bob |d 1951- | |
| 787 | 0 | 8 | |i Rezensiert in |a Zwickel, Wolfgang, 1957 - |t [Rezension von: Only one god?] |d 2003 |w (DE-627)1856813592 |
| 830 | 4 | |a The biblical seminar |v 77 |9 77 |w (DE-627)528271032 |w (DE-576)012818445 |w (DE-600)2288617-5 |x 0266-4984 |7 am | |
| 935 | |a mteo | ||
| 935 | |i Blocktest | ||
| 936 | r | v | |a BC 8710 |b Religion, Sadduzäer, Pharisäer, Essener |k Theologie und Religionswissenschaften |k Bibelwissenschaft |k Israel und das biblische Palästina |k Das biblische Israel |k Religion, Sadduzäer, Pharisäer, Essener |0 (DE-627)1270658905 |0 (DE-625)rvk/9773: |0 (DE-576)200658905 |
| 936 | b | k | |a 11.38 |j Altes Testament |0 (DE-627)10640427X |
| 951 | |a BO | ||
| ACO | |a 1 | ||
| BIB | |a 1 | ||
| ELC | |b 1 | ||
| ITA | |a 1 |t 1 | ||
| LOK | |0 000 xxxxxcx a22 zn 4500 | ||
| LOK | |0 001 3247908439 | ||
| LOK | |0 003 DE-627 | ||
| LOK | |0 004 334214688 | ||
| LOK | |0 005 20061030111049 | ||
| LOK | |0 008 060622||||||||||||||||ger||||||| | ||
| LOK | |0 040 |a DE-21 |c DE-627 |d DE-21 | ||
| LOK | |0 852 |a DE-21 | ||
| LOK | |0 852 1 |c 46 A 6523 |9 00 | ||
| LOK | |0 935 |a theo | ||
| LOK | |0 936ln |a t2.1 | ||
| LOK | |0 938 |l 30/10/06 |8 6 | ||
| LOK | |0 939 |a 22-06-06 |b l01 | ||
| LOK | |0 000 xxxxxcx a22 zn 4500 | ||
| LOK | |0 001 3247908498 | ||
| LOK | |0 003 DE-627 | ||
| LOK | |0 004 334214688 | ||
| LOK | |0 005 20100408183717 | ||
| LOK | |0 008 020425||||||||||||||||ger||||||| | ||
| LOK | |0 040 |a DE-21-35 |c DE-627 |d DE-21-35 | ||
| LOK | |0 541 |e 02/516 | ||
| LOK | |0 852 |a DE-21-35 | ||
| LOK | |0 852 1 |c Hr 7.34 |m p |9 00 | ||
| LOK | |0 938 |k p | ||
| LOK | |0 938 |l K2 |8 0 | ||
| LOK | |0 939 |a 25-04-02 |b l01 | ||
| ORI | |a SA-MARC-ixtheoa001.raw | ||
| REL | |a 1 | ||
| STA | 0 | 0 | |a Monotheism,Monotheistic religion |
| STB | 0 | 0 | |a Monothéisme |
| STC | 0 | 0 | |a Monoteísmo |
| STD | 0 | 0 | |a Monoteismo |
| STE | 0 | 0 | |a 一神论 |
| STF | 0 | 0 | |a 一神論 |
| STG | 0 | 0 | |a Monoteísmo |
| STH | 0 | 0 | |a Монотеизм |
| STI | 0 | 0 | |a Μονοθεϊσμός |
| SUB | |a BIB |a REL | ||
| SYG | 0 | 0 | |a Israel , Medinat Jisrael,Yiśraʾel,Ereṣ Yiśraʾel,Israël,Etat d'Israël,State of Israel,Yiśrāʾēl,Ereṣ Yiśrāʾēl,Medînat Yiśrā'ēl,Isrāʾīl,Izrael , Israel,Israel,Isrā'īl al-Kaskari , Monotheistische Religion |



